000 00400nam a22001577a 4500
005 20170816103728.0
008 170816b xxu||||| |||| 00| 0 eng d
020 _a0802783430
040 _cPK-LaUMT
082 _aZIAC 297
_bWOR-A
100 _aWormser , Richard
245 _aAmerican Islam/
_c Richard Wormser
260 _aNew York:
_bWalker and company,
_c1994
300 _a130 p.
942 _cBK
999 _c97152
_d97152